Guide to the benthic marine amphipods of southern africa

Spremljeno u:
Bibliografski detalji
Glavni autor: Griffiths, C. L.
Format: Knjiga
Jezik:Undetermined
Izdano: The Rustica 1976
Teme:
Oznake: Dodaj oznaku
Bez oznaka, Budi prvi tko označuje ovaj zapis!
Thư viện lưu trữ: Trung tâm Học liệu Trường Đại học Cần Thơ
LEADER 00503nam a2200169Ia 4500
001 CTU_150710
008 210402s9999 xx 000 0 und d
082 |a 639.8 
082 |b G856 
100 |a Griffiths, C. L. 
245 0 |a Guide to the benthic marine amphipods of southern africa 
245 0 |c C. L. Griffiths 
260 |b The Rustica 
260 |c 1976 
650 |a Aquaculture,Nuôi trồng thủy sản 
904 |i Trọng Hải 
980 |a Trung tâm Học liệu Trường Đại học Cần Thơ